[Event "Mediterranean-ch 13th"]
[Site "Platja d'Aro"]
[Date "2023.11.09"]
[Round "7"]
[White "Giro Castellet, Esteve"]
[Black "Vinals Rioja, Jaume"]
[Result "0-1"]
[WhiteElo "1633"]
[BlackElo "1844"]
[PlyCount "62"]
[EventDate "2023.11.04"]
[EventType "swiss"]
[EventRounds "9"]
[EventCountry "ESP"]
[SourceTitle "CB46_2023"]
[SourceDate "2023.11.15"]
[SourceVersion "1"]
[SourceVersionDate "2023.11.15"]
[SourceQuality "1"]

1. d4 d5 2. Bf4 e6 3. e3 Nf6 4. Nf3 c5 5. c3 Nc6 6. Nbd2 Bd6 7. Bxd6 Qxd6 8. Bd3 b6 9. 0-0 0-0 10. Re1 cxd4 11. exd4 Bb7 12. Ne5 Ne7 13. Qc2 Ng6 14. Bxg6 hxg6 15. Qd3 Rfe8 16. Qh3 Qe7 17. f4 Ne4 18. Ndf3 Qf6 19. Rxe4 dxe4 20. Ng5 Qf5 21. g4 Qxf4 22. Rf1 Qxg5 23. Nxf7 Qf6 24. Qh8+ Kxf7 25. Rxf6+ Kxf6 26. Qh4+ Kf7 27. Qg3 Bd5 28. c4 e3 29. cxd5 exd5 30. Kf1 Kg8 31. Ke2 Rac8 0-1

[Event "Catalunya-ch Seniors"]
[Site "Malgrat del Mar"]
[Date "2023.05.15"]
[Round "2"]
[White "Vinals Rioja, Jaume"]
[Black "Valarezo Ricard, Pedro"]
[Result "0-1"]
[WhiteElo "1888"]
[BlackElo "1664"]
[PlyCount "100"]
[EventDate "2023.05.14"]
[EventType "swiss"]
[EventRounds "8"]
[EventCountry "ESP"]
[SourceTitle "CBM 214 Extra"]
[Source "ChessBase"]
[SourceDate "2023.07.31"]
[SourceVersion "1"]
[SourceVersionDate "2023.07.31"]
[SourceQuality "1"]

1. d4 Nf6 2. Nf3 e6 3. e3 b6 4. Bd3 Bb7 5. Nbd2 d5 6. 0-0 Ne4 7. Ne5 g6 8. Qf3 f5 9. Bb5+ c6 10. Bd3 Nd7 11. Bxe4 Nxe5 12. Qg3 Nf7 13. Bd3 Bd6 14. f4 Qf6 15. Nf3 0-0-0 16. c4 Bc7 17. Bd2 h6 18. c5 g5 19. Ne5 Rdg8 20. Qe1 gxf4 21. exf4 Nxe5 22. dxe5 Qg6 23. Qe2 bxc5 24. Ba6 Bb6 25. Bxb7+ Kxb7 26. Kh1 Qg4 27. Rf3 Rg7 28. Qf1 Rhg8 29. Rg3 Qh5 30. Rxg7+ Rxg7 31. a4 c4 32. a5 Bd4 33. a6+ Ka8 34. Bc3 Bxc3 35. bxc3 Rg8 36. Qf2 Qf7 37. Qc5 Qc7 38. Rb1 Rb8 39. Rxb8+ Kxb8 40. Qb4+ Ka8 41. h4 c5 42. Qb5 Qc8 43. h5 d4 44. Qxc4 Qe8 45. Qe2 Qc6 46. cxd4 cxd4 47. Kh2 Qd5 48. Kg3 d3 49. Qd1 d2 50. Kh4 Qxg2 0-1

[Event "La Pobla de Lillet op-A 29th"]
[Site "La Pobla de Lillet"]
[Date "2019.08.09"]
[Round "8"]
[White "Vargas Rodriguez, Gabriel"]
[Black "Vinals Rioja, Jaume"]
[Result "0-1"]
[WhiteElo "1697"]
[BlackElo "2051"]
[PlyCount "90"]
[EventDate "2019.08.02"]
[EventType "swiss"]
[EventRounds "9"]
[EventCountry "ESP"]
[SourceTitle "EXT 2022"]
[Source "ChessBase"]
[SourceDate "2021.10.06"]
[SourceVersion "1"]
[SourceVersionDate "2021.10.06"]
[SourceQuality "1"]

1. d4 d5 2. Nf3 Nf6 3. g3 c6 4. Bg2 e6 5. 0-0 Bd6 6. c4 0-0 7. Nc3 Nbd7 8. Qd3 dxc4 9. Qxc4 e5 10. dxe5 Nxe5 11. Nxe5 Bxe5 12. Rd1 Qe7 13. Be3 Bd6 14. Rxd6 Qxd6 15. Bc5 Qe6 16. Qxe6 Bxe6 17. Bxf8 Kxf8 18. Rd1 Ke7 19. b3 Rd8 20. Rxd8 Kxd8 21. Ne4 Nxe4 22. Bxe4 g6 23. f4 a5 24. Kf2 a4 25. Bc2 axb3 26. axb3 f5 27. b4 Kc7 28. e4 fxe4 29. Bxe4 Kb6 30. Bd3 c5 31. bxc5+ Kxc5 32. Ke3 b5 33. Bb1 Kb4 34. Kf3 Bf5 35. Bxf5 gxf5 36. g4 fxg4+ 37. Ke4 Kc4 38. Ke5 b4 39. f5 b3 40. f6 b2 41. f7 b1Q 42. f8Q Qb2+ 43. Ke6 Qb6+ 44. Kd7 Qb7+ 45. Ke6 Qd5+ 0-1

[Event "Platja d'Aro op-B 7th"]
[Site "Platja d'Aro"]
[Date "2019.06.26"]
[Round "3"]
[White "Parayre Soguero, Jordi"]
[Black "Vinals Rioja, Jaume"]
[Result "0-1"]
[WhiteElo "1939"]
[BlackElo "2026"]
[PlyCount "66"]
[EventDate "2019.06.24"]
[EventType "swiss"]
[EventRounds "9"]
[EventCountry "ESP"]
[SourceTitle "CBM 191 Extra"]
[Source "ChessBase"]
[SourceDate "2019.09.30"]
[SourceVersion "1"]
[SourceVersionDate "2019.09.30"]
[SourceQuality "1"]

1. d4 d5 2. Nf3 Nf6 3. c4 c6 4. Nc3 dxc4 5. a4 Bf5 6. Ne5 Nbd7 7. Nxc4 Qc7 8. g3 e5 9. dxe5 Nxe5 10. Bf4 Rd8 11. Qc1 Bd6 12. Nxd6+ Qxd6 13. Bg2 0-0 14. 0-0 Qe6 15. Qe3 Ng6 16. a5 Nxf4 17. Qxf4 a6 18. Rfd1 h6 19. Qb4 Rd7 20. Rxd7 Qxd7 21. Rd1 Qc7 22. e4 Be6 23. Rc1 Rd8 24. Ne2 Bc8 25. Nf4 Qe5 26. Qb6 Rd2 27. Nd5 cxd5 28. Rxc8+ Kh7 29. f4 Qh5 30. Qd8 Qe2 31. Qh8+ Kg6 32. f5+ Kh5 33. g4+ Nxg4 0-1

[Event "Catalunya-ch Seniors"]
[Site "Santa Susanna"]
[Date "2019.05.18"]
[Round "1"]
[White "Vinals Rioja, Jaume"]
[Black "Jimenez Munoz, Jaume"]
[Result "1-0"]
[WhiteElo "2026"]
[BlackElo "1829"]
[PlyCount "77"]
[EventDate "2019.05.18"]
[EventType "swiss"]
[EventRounds "9"]
[EventCountry "ESP"]
[SourceTitle "CBM 190 Extra"]
[Source "ChessBase"]
[SourceDate "2019.07.15"]
[SourceVersion "1"]
[SourceVersionDate "2019.07.15"]
[SourceQuality "1"]

1. e4 c5 2. Nc3 d6 3. Bb5+ Nd7 4. a4 e6 5. f4 a6 6. Bc4 Ngf6 7. d3 Be7 8. Nf3 Qc7 9. 0-0 b6 10. Qe1 0-0 11. Qg3 Bb7 12. f5 exf5 13. exf5 Rac8 14. Bh6 Ne8 15. Rae1 Bf6 16. Bf4 Bxf3 17. Rxf3 Ne5 18. Rfe3 Nxc4 19. dxc4 Bxc3 20. Rxc3 Kh8 21. b3 Qd7 22. Qd3 Rd8 23. Rd1 Qe7 24. Bg3 Qf6 25. Qf3 g6 26. fxg6 fxg6 27. Qxf6+ Nxf6 28. Rxd6 Rxd6 29. Bxd6 Ne4 30. Bxf8 Nxc3 31. a5 bxa5 32. Bxc5 Kg8 33. Bb6 a4 34. bxa4 Nxa4 35. Ba5 Kf7 36. Kf2 Ke6 37. Ke3 Nc5 38. Kd4 Kd6 39. Bb4 1-0

[Event "La Pobla de Lillet op-A 28th"]
[Site "La Pobla de Lillet"]
[Date "2018.08.08"]
[Round "8"]
[White "Garcia Escoda, Marc"]
[Black "Vinals Rioja, Jaume"]
[Result "1/2-1/2"]
[WhiteElo "1861"]
[BlackElo "1985"]
[PlyCount "42"]
[EventDate "2018.08.01"]
[EventType "swiss"]
[EventRounds "9"]
[EventCountry "ESP"]
[SourceTitle "CBM 185 Extra"]
[Source "ChessBase"]
[SourceDate "2018.07.29"]
[SourceVersion "1"]
[SourceVersionDate "2018.07.29"]
[SourceQuality "1"]

1. e4 d5 2. exd5 Nf6 3. Nc3 Nxd5 4. Bc4 c6 5. Qf3 Nf6 6. Ne4 e6 7. Nxf6+ Qxf6 8. Qxf6 gxf6 9. d4 Bd6 10. Nf3 b6 11. Be3 Rg8 12. g3 Ba6 13. Nd2 Bxc4 14. Nxc4 Bc7 15. 0-0-0 Nd7 16. Rhe1 0-0-0 17. b3 h5 18. h4 Rg4 19. Nb2 b5 20. c3 Nb6 21. Nd3 Nd5 1/2-1/2

[Event "Barcelona Vila Gracia Seniors 55 op 3rd"]
[Site "Barcelona"]
[Date "2016.05.02"]
[Round "7.1"]
[White "Vinals Rioja, Jaume"]
[Black "Mas Recorda, Pere"]
[Result "1/2-1/2"]
[WhiteElo "2010"]
[BlackElo "2026"]
[PlyCount "56"]
[EventDate "2016.03.07"]
[EventType "swiss"]
[EventRounds "8"]
[EventCountry "ESP"]
[SourceTitle "EXT 2024"]
[Source "ChessBase"]
[SourceDate "2023.10.10"]
[SourceVersion "1"]
[SourceVersionDate "2023.10.10"]
[SourceQuality "1"]

1. e4 e6 2. b3 d5 3. Bb2 dxe4 4. Nc3 Nf6 5. Qe2 Nbd7 6. Nxe4 Nxe4 7. Qxe4 Nf6 8. Qf3 Be7 9. Bd3 Qd5 10. 0-0-0 0-0 11. Qg3 Ne8 12. Nf3 Qh5 13. Ne5 f6 14. Nc4 e5 15. f4 exf4 16. Qxf4 Bc5 17. h3 Nd6 18. Nxd6 Bxd6 19. Qc4+ Kh8 20. g4 Qh4 21. Rde1 Bd7 22. Be4 Rae8 23. Ref1 Rxe4 24. Qxe4 Bc6 25. Qe6 Bxh1 26. Rxh1 Qf2 27. Bc3 Qf3 28. Qe1 Qc6 1/2-1/2

[Event "Salou op U2200 1st"]
[Site "Salou"]
[Date "2016.05.01"]
[Round "6"]
[White "Planella Sanchez, Jordi"]
[Black "Vinals Rioja, Jaume"]
[Result "0-1"]
[WhiteElo "1944"]
[BlackElo "2010"]
[PlyCount "76"]
[EventDate "2016.04.29"]
[EventType "swiss"]
[EventRounds "6"]
[EventCountry "ESP"]
[SourceTitle "CBM 172 Extra"]
[Source "ChessBase"]
[SourceDate "2016.06.21"]
[SourceVersion "1"]
[SourceVersionDate "2016.06.21"]
[SourceQuality "1"]

1. Nf3 d5 2. b3 Nf6 3. Bb2 g6 4. e3 Bg7 5. d4 Bg4 6. Nbd2 Ne4 7. Be2 Nxd2 8. Nxd2 Bxe2 9. Qxe2 c6 10. c4 0-0 11. 0-0 Re8 12. Rfc1 e6 13. b4 a6 14. a4 Nd7 15. Nf3 Qe7 16. Qd2 dxc4 17. Rxc4 Red8 18. Qe1 Nb6 19. Rc2 h6 20. Qc3 Bf8 21. b5 axb5 22. axb5 Rxa1+ 23. Bxa1 cxb5 24. h3 Rc8 25. Qb2 Rxc2 26. Qxc2 Qb4 27. Kh2 Nc4 28. d5 Qd6+ 29. g3 Qxd5 30. Qc3 e5 31. Nh4 b4 32. Qb3 b5 33. Ng2 Qd2 34. f4 Bc5 35. Qb1 Nxe3 36. Qh1 Qxg2+ 37. Qxg2 Nxg2 38. Kxg2 Bd4 0-1

[Event "Barcelona Vila Gracia Seniors 55 op 3rd"]
[Site "Barcelona"]
[Date "2016.03.14"]
[Round "2.4"]
[White "Bayarri Ponsa, Eduard"]
[Black "Vinals Rioja, Jaume"]
[Result "0-1"]
[WhiteElo "1837"]
[BlackElo "2010"]
[PlyCount "50"]
[EventDate "2016.03.07"]
[EventType "swiss"]
[EventRounds "8"]
[EventCountry "ESP"]
[SourceTitle "EXT 2024"]
[Source "ChessBase"]
[SourceDate "2023.10.10"]
[SourceVersion "1"]
[SourceVersionDate "2023.10.10"]
[SourceQuality "1"]

1. e4 c5 2. Nf3 d6 3. d4 cxd4 4. Nxd4 Nf6 5. Nc3 g6 6. Be2 Bg7 7. Be3 Nc6 8. 0-0 0-0 9. f4 Qb6 10. e5 dxe5 11. fxe5 Nxe5 12. Nf5 Qxb2 13. Nxe7+ Kh8 14. Bd4 Qb4 15. Nxc8 Rd8 16. Rf4 Raxc8 17. Rb1 Qe7 18. Qf1 a6 19. Rxb7 Qxb7 20. Bxe5 Nh5 21. Bxg7+ Nxg7 22. Rxf7 Qb4 23. Nd1 Rf8 24. Bxa6 Rxf7 25. Qxf7 Qb6+ 0-1

[Event "La Pobla de Lillet op 24th"]
[Site "La Pobla de Lillet"]
[Date "2014.08.02"]
[Round "1"]
[White "Vinals Rioja, Jaume"]
[Black "Movsziszian, Karen"]
[Result "0-1"]
[WhiteElo "2001"]
[BlackElo "2509"]
[PlyCount "78"]
[EventDate "2014.08.02"]
[EventType "swiss"]
[EventRounds "9"]
[EventCountry "ESP"]
[SourceTitle "EXT 2017"]
[Source "ChessBase"]
[SourceDate "2016.10.25"]
[SourceVersion "1"]
[SourceVersionDate "2016.10.25"]
[SourceQuality "1"]

1. e4 g6 2. d4 Bg7 3. Be3 d6 4. Bd3 c5 5. c3 cxd4 6. Bxd4 Nf6 7. Ne2 0-0 8. f3 Nc6 9. Be3 d5 10. Nd2 e5 11. 0-0 Be6 12. Bf2 Qc7 13. exd5 Nxd5 14. Ne4 Rad8 15. Qc2 h6 16. Nc5 Bc8 17. Rad1 b6 18. Nb3 Be6 19. Rd2 Nce7 20. Be4 h5 21. a3 Bh6 22. Rd3 f5 23. Bxd5 Bxd5 24. Rdd1 Kh7 25. Nd2 Rd7 26. Bg3 Rfd8 27. f4 Bb7 28. Bh4 exf4 29. Nf3 Rxd1 30. Rxd1 Rxd1+ 31. Qxd1 Bxf3 32. gxf3 g5 33. Bf2 g4 34. Nd4 g3 35. Be1 Qe5 36. Bd2 h4 37. Kg2 Bg7 38. Qa4 Qd6 39. Qxa7 h3+ 0-1

[Event "Barcelona Chavarria Memorial 1st"]
[Site "Barcelona"]
[Date "2012.11.28"]
[Round "9"]
[White "Vinals Rioja, Jaume"]
[Black "Almirall Botella, Jaume"]
[Result "1-0"]
[WhiteElo "2003"]
[BlackElo "2074"]
[PlyCount "119"]
[EventDate "2012.10.03"]
[EventType "swiss"]
[EventRounds "9"]
[EventCountry "ESP"]
[SourceTitle "EXT 2014"]
[Source "ChessBase"]
[SourceDate "2013.11.20"]
[SourceVersion "1"]
[SourceVersionDate "2013.11.20"]
[SourceQuality "1"]

1. e4 Nf6 2. e5 Nd5 3. d4 d6 4. Nf3 Bg4 5. Be2 c6 6. c4 Nc7 7. exd6 exd6 8. 0-0 Be7 9. h3 Bxf3 10. Bxf3 Nd7 11. Nc3 0-0 12. Bf4 Nb6 13. b3 Ne6 14. Be3 d5 15. c5 Nc8 16. Ne2 Bf6 17. Nf4 Qc7 18. Nxe6 fxe6 19. Re1 e5 20. dxe5 Bxe5 21. Bd4 Bxd4 22. Qxd4 Ne7 23. Re6 Ng6 24. Rae1 Qf4 25. Qxf4 Rxf4 26. Bh5 Raf8 27. Bxg6 hxg6 28. f3 Kh7 29. Re7 R8f7 30. Kf2 Kh6 31. Kg3 g5 32. R1e6+ g6 33. Re8 Kg7 34. Rd8 R4f6 35. Ree8 Rf5 36. Rg8+ Kf6 37. Rd6+ Ke5 38. Rgxg6 Kd4 39. Kg4 Kc3 40. Rxg5 Rxg5+ 41. Kxg5 Rg7+ 42. Kf5 Rxg2 43. h4 d4 44. h5 Rh2 45. h6 d3 46. Kg6 Rg2+ 47. Kf7 Rf2 48. h7 Rxf3+ 49. Kg7 Rg3+ 50. Rg6 Rh3 51. Rh6 Rg3+ 52. Kf7 Rf3+ 53. Ke6 Rf8 54. h8Q+ Rxh8 55. Rxh8 d2 56. Rh1 Kb2 57. Kd6 Kxa2 58. Rh2 Kxb3 59. Rxd2 b5 60. Kxc6 1-0